Handbook of Gardening/ (Record no. 83154)

MARC details
000 -LEADER
fixed length control field 00662nam a22001937a 4500
005 - DATE AND TIME OF LATEST TRANSACTION
control field 20140324124043.0
010 ## - LCCN (DPL NO)
LC control number B-500335-343
020 ## - INTERNATIONAL STANDARD BOOK NUMBER
International Standard Book Number 9788179103968
Terms of availability 1500.00
035 ## - SYSTEM CONTROL NUMBER
System control number B-500335-343
037 ## - SOURCE OF ACQUISITION
Stock number dpl
Source of stock number/acquisition Mallika Books/Ven
082 ## - DEWEY DECIMAL CLASSIFICATION NUMBER
Classification number 635
100 ## - MAIN ENTRY--PERSONAL NAME
Personal name De, L.C.
245 ## - TITLE STATEMENT
Title Handbook of Gardening/
Statement of responsibility, etc by L.C.De
260 ## - PUBLICATION, DISTRIBUTION, ETC. (IMPRINT)
Place of publication, distribution, etc Jaipur
Name of publisher, distributor, etc Aavishkar Publishers
Date of publication, distribution, etc 2012
270 ## - ADDRESS
Address 807, Vyas Building, Chaura Rasta
City Jaipur
Postal code 302003 (Raj) India
300 ## - PHYSICAL DESCRIPTION
Extent 178p.
Other physical details col.ill.
Dimensions 22cm(Hb)
942 ## - ADDED ENTRY ELEMENTS (KOHA)
Source of classification or shelving scheme Dewey Decimal Classification
Item type English Books
Classification part 635
Call number suffix DEL
Holdings
Withdrawn status Lost status Not for loan Collection code Home library Current library Date acquired Source of acquisition Cost, normal purchase price Full call number Barcode Copy number Cost, replacement price Koha item type
      Non-fiction Central Library Central Library 24/03/2014 Mallika Books/99/15.03.2013/174/08.03.2013/18.03.2013 1500.00 635 DEL B-500335 1 1500.00 English Books
      Non-fiction Central Library Central Library 24/03/2014 Mallika Books/99/15.03.2013/174/08.03.2013/18.03.2013 1500.00 635 DEL B-500338 1 1500.00 English Books
      Non-fiction Janak Puri Janak Puri 24/03/2014 Mallika Books/99/15.03.2013/174/08.03.2013/18.03.2013 1500.00 635 DEL B-500337 1 1500.00 English Books
      Non-fiction Karol Bagh Karol Bagh 24/03/2014 Mallika Books/99/15.03.2013/174/08.03.2013/18.03.2013 1500.00 635 DEL B-500340 1 1500.00 English Books
      Non-fiction Narela Narela 24/03/2014 Mallika Books/99/15.03.2013/174/08.03.2013/18.03.2013 1500.00 635 DEL B-500341 1 1500.00 English Books
      Non-fiction Patel Nagar Patel Nagar 24/03/2014 Mallika Books/99/15.03.2013/174/08.03.2013/18.03.2013 1500.00 635 DEL B-500336 1 1500.00 English Books
      Non-fiction Shahdara Branch Shahdara Branch 24/03/2014 Mallika Books/99/15.03.2013/174/08.03.2013/18.03.2013 1500.00 635 DEL B-500342 1 1500.00 English Books
      Non-fiction Vinoba Puri Vinoba Puri 24/03/2014 Mallika Books/99/15.03.2013/174/08.03.2013/18.03.2013 1500.00 635 DEL B-500339 1 1500.00 English Books
      Non-fiction Yojana Vihar Yojana Vihar 24/03/2014 Mallika Books/99/15.03.2013/174/08.03.2013/18.03.2013 1500.00 635 DEL B-500343 1 1500.00 English Books

© Delhi Public Library
Hit Counter
free hit counter